[Event "Doeberl Cup U1200 48th"]
[Site "Canberra"]
[Date "2010.04.02"]
[Round "1"]
[White "Lai, Zalia"]
[Black "Solomon, Anthony"]
[Result "1-0"]
[WhiteElo "500"]
[BlackElo "1104"]
[PlyCount "123"]
[EventDate "2010.04.02"]
[EventType "swiss"]
[EventRounds "6"]
[EventCountry "AUS"]
[SourceTitle "EXT 2012"]
[Source "ChessBase"]
[SourceDate "2011.11.24"]
[SourceVersion "1"]
[SourceVersionDate "2011.11.24"]
[SourceQuality "1"]

1. e4 e5 2. Nf3 Nc6 3. Bc4 Bc5 4. d3 Nf6 5. Nc3 0-0 6. Bg5 h6 7. Bh4 Be7 8. 0-0 Nh7 9. Bxe7 Qxe7 10. Nd5 Qd8 11. Bb5 d6 12. c3 Nf6 13. Bc4 Na5 14. Bb3 c6 15. Nxf6+ Qxf6 16. Bc2 c5 17. h3 Qg6 18. Kh2 Qh5 19. Ng1 Qxd1 20. Raxd1 Be6 21. a3 Bb3 22. Bxb3 Nxb3 23. Nf3 f5 24. Rfe1 fxe4 25. dxe4 Rad8 26. Nd2 Na5 27. Re2 c4 28. Nf3 b5 29. Rd5 a6 30. Nh4 Nc6 31. Nf5 Rf6 32. Red2 Kf8 33. Nxd6 Ne7 34. Nb7 Rxd5 35. exd5 Nc8 36. d6 Nb6 37. Nc5 Rf7 38. d7 Nxd7 39. Nxd7+ Kg8 40. Nxe5 Rf6 41. Nd7 Rf5 42. Nb8 Rf6 43. Kg1 Kh7 44. Nd7 Rf5 45. Re2 Rd5 46. Nb8 Rd6 47. Re1 Kg6 48. Rb1 Kf6 49. b3 Ke7 50. bxc4 Rb6 51. Nxa6 Rxa6 52. cxb5 Rxa3 53. c4 Rc3 54. b6 Kd7 55. b7 Rxc4 56. b8Q Ke7 57. Qe5+ Kd8 58. Qd5+ Ke7 59. Qxc4 Kf6 60. Qe4 h5 61. Rb6+ Kg5 62. Rg6# 1-0

[Event "AUS-ch U12 Girls"]
[Site "Sandy Bay"]
[Date "2010.01.18"]
[Round "3"]
[White "Pretorius, Helen"]
[Black "Lai, Zalia"]
[Result "1/2-1/2"]
[WhiteElo "175"]
[BlackElo "555"]
[PlyCount "63"]
[EventDate "2010.01.14"]
[EventType "tourn"]
[EventRounds "9"]
[EventCountry "AUS"]
[SourceTitle "EXT 2011"]
[Source "ChessBase"]
[SourceDate "2010.11.26"]
[SourceVersion "1"]
[SourceVersionDate "2010.11.26"]
[SourceQuality "1"]

1. Nf3 Nc6 2. g3 e5 3. d3 Bc5 4. Bg2 d5 5. Nbd2 Nf6 6. 0-0 Bf5 7. c3 Bb6 8. Qc2 Qd7 9. e4 Bg6 10. Re1 h5 11. Nf1 0-0-0 12. Bd2 dxe4 13. dxe4 Qe7 14. Rad1 Nd7 15. Bh3 Bh7 16. Bg5 f6 17. Be3 g5 18. g4 Bg6 19. gxh5 Bxh5 20. Bg2 Qe6 21. Rd2 g4 22. Nh4 Qe7 23. Nf5 Qf7 24. Rd6 Bg6 25. Rd3 Qxa2 26. Red1 Qe6 27. Ng7 Qg8 28. Nf5 Bxe3 29. N5xe3 Qh7 30. Qd2 Bxe4 31. Bxe4 Qxe4 32. Rxd7 1/2-1/2